00406nam a2200181Ia 4500003000400000005001700004008004100021020001500062040000700077041000800084082001700092100001500109245003300124250001000157260003300167300001200200365001200212OSt20250415090903.0210719s2004 xx 000 0 und d a8121903432 cAL aeng a574.192 JAIF aJAIN (J L) aFundamentals of biochemistry a5 Rev aNDbS. Chand & Co. Ltdc2004 a995bPB b225cRs